000 00535nam a22001817a 4500
005 20150623120548.0
010 _aENG-112862
020 _c325.00
_a9789350354384
035 _aEN-96394
037 _bDBAD/PUB
082 _a344.54099
100 _aAnujaya Krishna
245 _aSports law /
_cby Anujaya Krishna
260 _aNew Delhi
_bUniversal Law Publishing
_c2014
270 _aA-58, G.T. Karnal Road Industrial Area,
_bDelhi
_e110033
300 _axix, 180p.
_c24cm(pbk)
942 _2ddc
_cEN
_mANU
_h344.54099
999 _c93311
_d93311